यशोधन (Record no. 406885)

MARC details
000 -LEADER
fixed length control field 00363nam a2200145Ia 4500
008 - FIXED-LENGTH DATA ELEMENTS--GENERAL INFORMATION
fixed length control field 100122s9999 xx 000 0 und d
082 ## - DEWEY DECIMAL CLASSIFICATION NUMBER
Item number 17053
Classification number 821
100 ## - MAIN ENTRY--PERSONAL NAME
Personal name यशवंत
245 ## - TITLE STATEMENT
Title यशोधन
260 ## - PUBLICATION, DISTRIBUTION, ETC. (IMPRINT)
Name of publisher, distributor, etc रविकिरण मंडळ
Date of publication, distribution, etc 1929
300 ## - PHYSICAL DESCRIPTION
Extent 155
630 ## - SUBJECT ADDED ENTRY--UNIFORM TITLE
Uniform title यशोधन
730 ## - ADDED ENTRY--UNIFORM TITLE
Uniform title यशोधन
942 ## - ADDED ENTRY ELEMENTS (KOHA)
Koha item type Book
Holdings
Withdrawn status Lost status Damaged status Not for loan Home library Current library Date acquired Cost, normal purchase price Total Checkouts Full call number Barcode Date last seen Cost, replacement price Price effective from Koha item type Public note
        S.V. Pathak Library, Vile Parle S.V. Pathak Library, Vile Parle 06/16/1971 1.00   17053 SVPPARLE-17053 01/25/2010 1.00 01/25/2010 Book General NA